| 000 | 00450nam a2200181Ia 4500 | ||
|---|---|---|---|
| 999 |
_c2696 _d2696 |
||
| 008 | 200103s 1980 ||||xx |||||||||||||| ||und|| | ||
| 020 | _a0421196505 | ||
| 082 |
_a344.41 _bGRU |
||
| 100 | _aGrunfeld, Cyril | ||
| 245 | 4 | _aThe law of redundancy | |
| 250 | _a2nd ed. | ||
| 260 |
_bSweet & Maxwell _c1980 _aLondon |
||
| 300 | _axlv, 466p. | ||
| 650 | _aDismissal | ||
| 650 | _aRedundancy | ||
| 650 | _aLay-off and short-time | ||
| 942 | _cBK | ||